<?xml version="1.0" encoding="UTF-8"?>
<record
    xmlns:xsi="http://www.w3.org/2001/XMLSchema-instance"
    xsi:schemaLocation="http://www.loc.gov/MARC21/slim http://www.loc.gov/standards/marcxml/schema/MARC21slim.xsd"
    xmlns="http://www.loc.gov/MARC21/slim">

  <leader>00467nam a2200181   4500</leader>
  <controlfield tag="003">SEACOMEC</controlfield>
  <controlfield tag="005">20240404134609.0</controlfield>
  <controlfield tag="008">240404b        |||||||| |||| 00| 0 eng d</controlfield>
  <datafield tag="020" ind1=" " ind2=" ">
    <subfield code="c">Rs.175.00</subfield>
  </datafield>
  <datafield tag="040" ind1=" " ind2=" ">
    <subfield code="a">SEACOMEC</subfield>
  </datafield>
  <datafield tag="082" ind1=" " ind2=" ">
    <subfield code="a">510.02462</subfield>
    <subfield code="b">A793</subfield>
  </datafield>
  <datafield tag="100" ind1=" " ind2=" ">
    <subfield code="a">Arumugam,S.</subfield>
  </datafield>
  <datafield tag="245" ind1=" " ind2=" ">
    <subfield code="a">Engineering mathematics</subfield>
    <subfield code="c">S,Sugarplum,A.thangarbadi,Isase,A,Somasundaraman</subfield>
  </datafield>
  <datafield tag="250" ind1=" " ind2=" ">
    <subfield code="a">2nd ed.</subfield>
  </datafield>
  <datafield tag="260" ind1=" " ind2=" ">
    <subfield code="a">Chennai</subfield>
    <subfield code="b">Scitech</subfield>
    <subfield code="c">2001</subfield>
  </datafield>
  <datafield tag="650" ind1=" " ind2=" ">
    <subfield code="a">mathematics</subfield>
  </datafield>
  <datafield tag="942" ind1=" " ind2=" ">
    <subfield code="c">BOOK</subfield>
  </datafield>
  <datafield tag="952" ind1=" " ind2=" ">
    <subfield code="0">0</subfield>
    <subfield code="1">0</subfield>
    <subfield code="2">ddc</subfield>
    <subfield code="4">0</subfield>
    <subfield code="7">0</subfield>
    <subfield code="a">SEACOMEC</subfield>
    <subfield code="b">SEACOMEC</subfield>
    <subfield code="d">2024-04-05</subfield>
    <subfield code="l">0</subfield>
    <subfield code="o">510.02462 A793</subfield>
    <subfield code="p">03309</subfield>
    <subfield code="r">2024-04-05 11:47:53</subfield>
    <subfield code="w">2024-04-05</subfield>
    <subfield code="y">BOOK</subfield>
  </datafield>
  <datafield tag="952" ind1=" " ind2=" ">
    <subfield code="0">0</subfield>
    <subfield code="1">0</subfield>
    <subfield code="2">ddc</subfield>
    <subfield code="4">0</subfield>
    <subfield code="7">0</subfield>
    <subfield code="a">SEACOMEC</subfield>
    <subfield code="b">SEACOMEC</subfield>
    <subfield code="d">2024-04-05</subfield>
    <subfield code="l">0</subfield>
    <subfield code="o">510.02462 A793</subfield>
    <subfield code="p">03310</subfield>
    <subfield code="r">2024-04-05 11:48:19</subfield>
    <subfield code="t">1</subfield>
    <subfield code="w">2024-04-05</subfield>
    <subfield code="y">BOOK</subfield>
  </datafield>
  <datafield tag="952" ind1=" " ind2=" ">
    <subfield code="0">0</subfield>
    <subfield code="1">0</subfield>
    <subfield code="2">ddc</subfield>
    <subfield code="4">0</subfield>
    <subfield code="7">0</subfield>
    <subfield code="a">SEACOMEC</subfield>
    <subfield code="b">SEACOMEC</subfield>
    <subfield code="d">2024-04-05</subfield>
    <subfield code="l">0</subfield>
    <subfield code="o">510.02462 A793</subfield>
    <subfield code="p">03311</subfield>
    <subfield code="r">2024-04-05 11:48:19</subfield>
    <subfield code="t">2</subfield>
    <subfield code="w">2024-04-05</subfield>
    <subfield code="y">BOOK</subfield>
  </datafield>
  <datafield tag="952" ind1=" " ind2=" ">
    <subfield code="0">0</subfield>
    <subfield code="1">0</subfield>
    <subfield code="2">ddc</subfield>
    <subfield code="4">0</subfield>
    <subfield code="7">0</subfield>
    <subfield code="a">SEACOMEC</subfield>
    <subfield code="b">SEACOMEC</subfield>
    <subfield code="d">2024-04-05</subfield>
    <subfield code="l">0</subfield>
    <subfield code="o">510.02462 A793</subfield>
    <subfield code="p">03312</subfield>
    <subfield code="r">2024-04-05 11:48:19</subfield>
    <subfield code="t">3</subfield>
    <subfield code="w">2024-04-05</subfield>
    <subfield code="y">BOOK</subfield>
  </datafield>
  <datafield tag="952" ind1=" " ind2=" ">
    <subfield code="0">0</subfield>
    <subfield code="1">0</subfield>
    <subfield code="2">ddc</subfield>
    <subfield code="4">0</subfield>
    <subfield code="7">0</subfield>
    <subfield code="a">SEACOMEC</subfield>
    <subfield code="b">SEACOMEC</subfield>
    <subfield code="d">2024-04-05</subfield>
    <subfield code="l">0</subfield>
    <subfield code="o">510.02462 A793</subfield>
    <subfield code="p">03313</subfield>
    <subfield code="r">2024-04-05 11:48:19</subfield>
    <subfield code="t">4</subfield>
    <subfield code="w">2024-04-05</subfield>
    <subfield code="y">BOOK</subfield>
  </datafield>
  <datafield tag="952" ind1=" " ind2=" ">
    <subfield code="0">0</subfield>
    <subfield code="1">0</subfield>
    <subfield code="2">ddc</subfield>
    <subfield code="4">0</subfield>
    <subfield code="7">0</subfield>
    <subfield code="a">SEACOMEC</subfield>
    <subfield code="b">SEACOMEC</subfield>
    <subfield code="d">2024-04-05</subfield>
    <subfield code="l">0</subfield>
    <subfield code="o">510.02462 A793</subfield>
    <subfield code="p">03314</subfield>
    <subfield code="r">2024-04-05 11:48:19</subfield>
    <subfield code="t">5</subfield>
    <subfield code="w">2024-04-05</subfield>
    <subfield code="y">BOOK</subfield>
  </datafield>
  <datafield tag="952" ind1=" " ind2=" ">
    <subfield code="0">0</subfield>
    <subfield code="1">0</subfield>
    <subfield code="2">ddc</subfield>
    <subfield code="4">0</subfield>
    <subfield code="7">0</subfield>
    <subfield code="a">SEACOMEC</subfield>
    <subfield code="b">SEACOMEC</subfield>
    <subfield code="d">2024-04-05</subfield>
    <subfield code="l">0</subfield>
    <subfield code="o">510.02462 A793</subfield>
    <subfield code="p">03315</subfield>
    <subfield code="r">2024-04-05 11:48:19</subfield>
    <subfield code="t">6</subfield>
    <subfield code="w">2024-04-05</subfield>
    <subfield code="y">BOOK</subfield>
  </datafield>
  <datafield tag="952" ind1=" " ind2=" ">
    <subfield code="0">0</subfield>
    <subfield code="1">0</subfield>
    <subfield code="2">ddc</subfield>
    <subfield code="4">0</subfield>
    <subfield code="7">0</subfield>
    <subfield code="a">SEACOMEC</subfield>
    <subfield code="b">SEACOMEC</subfield>
    <subfield code="d">2024-04-05</subfield>
    <subfield code="l">1</subfield>
    <subfield code="m">1</subfield>
    <subfield code="o">510.02462 A793</subfield>
    <subfield code="p">03316</subfield>
    <subfield code="q">2026-04-20</subfield>
    <subfield code="r">2026-03-17 13:41:31</subfield>
    <subfield code="s">2026-03-17</subfield>
    <subfield code="t">7</subfield>
    <subfield code="w">2024-04-05</subfield>
    <subfield code="y">BOOK</subfield>
  </datafield>
  <datafield tag="952" ind1=" " ind2=" ">
    <subfield code="0">0</subfield>
    <subfield code="1">0</subfield>
    <subfield code="2">ddc</subfield>
    <subfield code="4">0</subfield>
    <subfield code="7">0</subfield>
    <subfield code="a">SEACOMEC</subfield>
    <subfield code="b">SEACOMEC</subfield>
    <subfield code="d">2024-04-05</subfield>
    <subfield code="l">0</subfield>
    <subfield code="o">510.02462 A793</subfield>
    <subfield code="p">03317</subfield>
    <subfield code="r">2024-04-05 11:48:19</subfield>
    <subfield code="t">8</subfield>
    <subfield code="w">2024-04-05</subfield>
    <subfield code="y">BOOK</subfield>
  </datafield>
  <datafield tag="952" ind1=" " ind2=" ">
    <subfield code="0">0</subfield>
    <subfield code="1">0</subfield>
    <subfield code="2">ddc</subfield>
    <subfield code="4">0</subfield>
    <subfield code="7">0</subfield>
    <subfield code="a">SEACOMEC</subfield>
    <subfield code="b">SEACOMEC</subfield>
    <subfield code="d">2024-04-05</subfield>
    <subfield code="l">0</subfield>
    <subfield code="o">510.02462 A793</subfield>
    <subfield code="p">03318</subfield>
    <subfield code="r">2024-04-05 11:48:19</subfield>
    <subfield code="t">9</subfield>
    <subfield code="w">2024-04-05</subfield>
    <subfield code="y">BOOK</subfield>
  </datafield>
  <datafield tag="999" ind1=" " ind2=" ">
    <subfield code="c">854</subfield>
    <subfield code="d">854</subfield>
  </datafield>
</record>
